Policy paradox and political reason / (Record no. 6184)
[ view plain ]
| 000 -LEADER | |
|---|---|
| fixed length control field | 00660pam a2200193 a 4500 |
| 005 - DATE AND TIME OF LATEST TRANSACTION | |
| control field | 20260311201105.0 |
| 008 - FIXED-LENGTH DATA ELEMENTS--GENERAL INFORMATION | |
| fixed length control field | 870818s1988 ilua b 001 0 eng |
| 020 ## - INTERNATIONAL STANDARD BOOK NUMBER | |
| International Standard Book Number | 0673397513 |
| Qualifying information | pbk. |
| 040 ## - CATALOGING SOURCE | |
| Original cataloging agency | KABLIB |
| Transcribing agency | KABLIB |
| Description conventions | rda |
| 082 00 - DEWEY DECIMAL CLASSIFICATION NUMBER | |
| Classification number | 320.6 |
| Edition number | 23 |
| Item number | STO |
| 100 1# - MAIN ENTRY--PERSONAL NAME | |
| Personal name | Stone, Deborah A. |
| 9 (RLIN) | 15724 |
| 245 10 - TITLE STATEMENT | |
| Title | Policy paradox and political reason / |
| Statement of responsibility, etc. | Deborah A. Stone. |
| 260 ## - PUBLICATION, DISTRIBUTION, ETC. | |
| Place of publication, distribution, etc. | Glenview, Ill. : |
| Name of publisher, distributor, etc. | Scott, Foresman, |
| Date of publication, distribution, etc. | c1988. |
| 300 ## - PHYSICAL DESCRIPTION | |
| Extent | xiii, 316 p. : |
| Other physical details | ill. ; |
| Dimensions | 23 cm. |
| 504 ## - BIBLIOGRAPHY, ETC. NOTE | |
| Bibliography, etc. note | Includes bibliographical references, index. |
| 650 #0 - SUBJECT ADDED ENTRY--TOPICAL TERM | |
| Topical term or geographic name entry element | Policy sciences |
| General subdivision | Economic aspects. |
| 9 (RLIN) | 15725 |
| 650 #0 - SUBJECT ADDED ENTRY--TOPICAL TERM | |
| Topical term or geographic name entry element | Political planning |
| General subdivision | Economic aspects. |
| 9 (RLIN) | 15726 |
| 942 ## - ADDED ENTRY ELEMENTS (KOHA) | |
| Source of classification or shelving scheme | Dewey Decimal Classification |
| Koha item type | Book |
| Withdrawn status | Lost status | Source of classification or shelving scheme | Damaged status | Not for loan | Home library | Current library | Shelving location | Date acquired | Source of acquisition | Total Checkouts | Full call number | Barcode | Date last seen | Price effective from | Koha item type |
|---|---|---|---|---|---|---|---|---|---|---|---|---|---|---|---|
| Dewey Decimal Classification | Mukombe Library | Mukombe Library | Open Access Section | 11.03.2026 | Donated | 320.6 STO | 14596 | 11.03.2026 | 11.03.2026 | Book |